Tennis - Classement WTA 2024 - Top 50 - Statistiques

Statistiques générales
  • Ce quiz a été pris 173 fois
    82 depuis la dernière actualisation
  • Le résultat moyen est 32 sur 50
Statistiques - réponses
Classement WTA Pays Réponse % Correct
1 Biélorussie Aryna Sabalenka
100%
2 Pologne Iga Swiatek
100%
3 États-Unis Coco Gauff
98%
4 Italie Jasmine Paolini
98%
7 États-Unis Jessica Pegula
98%
6 Kazakhstan Elena Rybakina
96%
5 Chine Qinwen Zheng
96%
12 Espagne Paula Badosa
94%
48 France Caroline Garcia
92%
23 Ukraine Elina Svitolina
92%
32 Grèce Maria Sakkari
88%
15 Lettonie Jelena Ostapenko
84%
8 États-Unis Emma Navarro
82%
21 États-Unis Madison Keys
80%
16 Russie Mirra Andreeva
80%
17 Brésil Beatriz Haddad Maia
78%
33 Belgique Elise Mertens
76%
42 Tunisie Ons Jabeur
76%
18 Ukraine Marta Kostyuk
72%
38 Pologne Magda Linette
70%
10 Tchéquie Barbora Krejcikova
68%
19 Croatie Donna Vekic
68%
9 Russie Daria Kasatkina
66%
31 Canada Leylah Fernandez
66%
20 Biélorussie Victoria Azarenka
66%
22 Tchéquie Karolina Muchova
64%
50 Danemark Clara Tauson
62%
39 Tchéquie Marketa Vondrousova
62%
24 Royaume-Uni Katie Boulter
60%
11 États-Unis Danielle Collins
58%
27 Russie Ludmilla Samsonova
58%
25 Pologne Magdalena Frech
56%
28 Russie Ekaterina Alexandrova
54%
37 Chine Xinyu Wang
52%
36 États-Unis Amanda Anisimova
50%
14 Russie Anna Kalinskaya
50%
29 Kazakhstan Yulia Putintseva
50%
40 Nouvelle-Zélande Lulu Sun
48%
45 Tchéquie Katerina Siniakova
44%
34 Ukraine Dayana Yastremska
42%
13 Russie Diana Shnaider
42%
41 Tchéquie Karolina Pliskova
42%
35 Russie Anastasia Potapova
38%
26 Tchéquie Linda Noskova
38%
47 États-Unis Peyton Stearns
36%
30 Russie Anastasia Pavlyuchenkova
34%
43 Arménie Elina Avanesyan
34%
44 Tchéquie Marie Bouzkova
34%
49 Chine Yue Yuan
32%
46 Slovaquie Rebecca Sramkova
20%
Aucun quiz correspondant
Distribution des résultats
% des personnes avec chaque résultat
Percentile par nombre de réponses
Votre historique - résultats
Vous n’avez pas pris ce quiz depuis la dernière actualisation